| 000 | 00769nam a2200241 a 4500 | ||
|---|---|---|---|
| 999 |
_c8396 _d8396 |
||
| 001 | 8396 | ||
| 003 | BD-JhCC | ||
| 005 | 20180222172252.0 | ||
| 008 | 180222s1998 bg a|||| ||a| 000 0 be d | ||
| 020 | _a9840738011 | ||
| 035 | _a(BD-JhCC)8396 | ||
| 040 |
_aBD-JhCC _dBD-JhCC |
||
| 041 | _aben | ||
| 082 |
_a537.1 _bKHA 1998 |
||
| 100 | _aখান,সাইদুর রহমান. | ||
| 245 |
_aতড়িৎ চুম্বকীয় তত্ত্ব / _cসাইদুর রহমান খান. |
||
| 260 |
_aঢাকা : _bবাংলা একাডেমী; _c1998. |
||
| 300 |
_a246 p. : _bill; _c23 cm. |
||
| 651 | _aElectromagnetic. | ||
| 700 | _aতালুকদার,ওসমান গণী. | ||
| 942 |
_2lcc _cBK |
||